000 01609nam a22002417a 4500
999 _c6236
_d6236
003 DO-SdBJH
005 20210527202412.0
008 210527b ||||| |||| 00| 0 spa d
040 _aDO-SdBJH
_bspa
_cDO-SdBJH
090 _aTG AAGBPFAFM
_b01497 2018
100 1 _aGuerrero Medrano, Jeffrye Enmanuel
_esustentante
245 1 0 _aIdentificación de las capacidades del Escuadrón de Combate de la Fuerza Aérea de República Dominicana, en la interceptación de aeronaves en el espacion aéreo /
_cJeffrye Enmanuel Guerrero Medrano, Ismael Antonio Haché Rivera, asesores Tebi Enrique Rodríguez Hernández, Ariel A. Montás Disla
260 _aSanto Domingo Este :
_bINSUDE,
_c2018
300 _axiii, 96 páginas
502 _aTrabajo de grado (Licenciatura en Ciencias Aeronáuticas). -- Instituto Superior para la Defensa (INSUDE). Academia Aérea Gral. De Brig. Pil. Frank A. Feliz Miranda, 2018
504 _aIncluye referencias bibliográficas e índices
505 _aAntecedentes históricos del escuadrón de combate y la Fuerza Aérea de República Dominicana. -- Aspectos generales y funciones del Escuadrón de Combate y la Fuerza Aérea de República Dominicana. -- Evaluación de las capacidades del escuadrón de Combate de la Fuerza Aérea de Rep. Dom. en la interceptación Aérea.
700 1 _aHaché Rivera, Ismael Antonio
_esustentante
700 1 _a Rodríguez Hernández, Tebi Enrique
_easesor
700 1 _aMontás Disla, Ariel A.
_easesor
830 _aINSUDE. Academia Aérea Gral. De Brig. Pil. Frank A. Feliz Miranda. Tesis y disertaciones académicas
942 _2CL
_cT